LEADER 01537nam 2200541 450 001 9910534656903321 005 20230612161803.0 010 $a1-119-21140-9 010 $a1-119-21139-5 010 $a1-119-21141-7 035 $a(CKB)4330000000009324 035 $a(MiAaPQ)EBC5709635 035 $a(Au-PeEL)EBL5709635 035 $a(OCoLC)1088348923 035 $a(EXLCZ)994330000000009324 100 $a20190308d2019 uy 0 101 0 $aeng 135 $aurcnu|||||||| 181 $ctxt$2rdacontent 182 $cc$2rdamedia 183 $acr$2rdacarrier 200 00$aEvidence-based gastroenterology and hepatology /$fedited by John W. D. McDonald [and three others] 205 $aFourth edition. 210 1$aHoboken, NJ :$cWiley-Blackwell,$d2019. 215 $a1 online resource (814 pages) 300 $aIncludes index. 311 0 $a1-119-21138-7 606 $aDigestive system 606 $aGastroenterology 606 $aGastrointestinal Diseases 606 $aLiver Diseases 615 2$aDigestive system 615 2$aGastroenterology 615 2$aGastrointestinal Diseases 615 2$aLiver Diseases 676 $a616.33 702 $aMcDonald$b John W. D. 702 $aFeagan$b Brian G 702 $aJalan Rajiv 702 $aKahrilas$b Peter J 801 0$bMiAaPQ 801 1$bMiAaPQ 801 2$bMiAaPQ 906 $aBOOK 912 $a9910534656903321 996 $aEvidence-based gastroenterology and hepatology$92634983 997 $aUNINA 999 $aEBOOK